00559nam a2200193Ia 4500003000400000005001700004008004100021020001800062040000700080082001800087100003900105245005300144250000700197260004600204300002500250500001900275600002100294650005000315OSt20241004075154.0240925s9999 xx 000 0 und d a9788120335493 csa a005.44769 RUS aRussel, Charlie ; Crawford, Sharon 0aWindows ServerĀ® 2008: administrator's companion aNA aNew Delhi:bPearson Printice Hallc,2008. a419p.bN.AfOriginal aIncludes Index aComputer Science aComputer science, information & general works